000 00737cab a2200277 4500
001 ABS47179
008 090401t1992 xxu||||| |||| 00| 0 eng d
035 _a(Sirsi) u60985
041 _aeng
100 _aHing, S.
245 _aSelecting damp proof courses
260 _c1992
350 _a0
490 _aCS Monthly
_bthe Building Surveyor
_v2(2) October 1992, 8-9(2)
520 _aOutlines the main considerations in specifying a suitable damp proof course.
650 _aBS 5628-3
650 _aBS 743
650 _aBS 8000
650 _aBS 8215
650 _aDAMP COURSE
650 _aDAMP PROOFING
650 _aDAMPNESS
690 _aBUILT ENVIRONMENT-BUILDING PATHOLOGY
942 _n0
948 _c04/03/1997
999 _c37709
_d37709